A-Z: words ending in A - Statistics

General Stats
  • This quiz has been taken 87 times
  • The average score is 16 of 26
Answer Stats
Initial letter Clue Word ending in A % Correct
B Yellow fruit Banana
98%
A South American snake, the world's heaviest Anaconda
95%
O Stage performance with classical music Opera
92%
U Portable device which protects us from the rain Umbrella
92%
T Hot drink Tea
88%
F Small insect which sometimes latches onto pets Flea
86%
Y An oriental practice of light exercise for the body and mind Yoga
83%
K Large Australian marsupial Koala
81%
L Cancer of the blood Leukemia
81%
D The practice of acting out a fictional scene, a play Drama
78%
Q Allowed amount Quota
71%
E Condition where skin is inflamed, itchy, cracked or rough Eczema
70%
G Green tropical fruit Guava
67%
P Statement of one's guilt in court Plea
67%
V (Travelling) through, en route to somewhere else Via
65%
N Gas cloud in space Nebula
61%
M Round, white nut native to Australia Macadamia
60%
R A boat race, or series of them Regatta
59%
I An official emblem, perhaps on a badge, often military Insignia
55%
H A reddish dye which comes from the tree of the same name Henna
42%
W Climbing plant with purple flowers Wisteria
35%
S Layers (of rock, etc) Strata
34%
C Common starchy food in the tropics, made from roots of shrubs Cassava
27%
J Sub-tropical tree with violet flowers Jacaranda
16%
X Hospitality, in Ancient Greece, or love of strangers Xenia
8%
Z Planktonic larvae of crustaceans such as crabs Zoea
5%
No matching quizzes found
Score Distribution
Percent of People with Each Score
Percentile by Number Answered
Your Score History
You have not taken this quiz